000 00958cam a2200205 4500
001 ABS66954
008 030904n2003 000 0 eng u
035 _a(Sirsi) u123503
100 _aPritchett, I.
245 _aLime mortar versus cement
260 _c2003
490 _aRICS Building Control
_v(143) September 2003, 20-22(3)
520 _aDiscusses traditional uses of lime mortar in modern buildings versus the use of cement. Gives a brief history of its utilisation and outlines its continuing popularity in conservation work. Suggests that it can also be useful in situations where a more flexible and permeable mortar would be suitable. Lime mortar may be more appropriate in a modern house built in a traditional style. Looks at types of lime, environmental issues and its future use.
590 _aABS
650 _aLIME MORTARS
650 _aCEMENT
650 _aMORTARS
690 _aBUILT ENVIRONMENT-BUILDING MATERIALS
942 _n0
999 _c73358
_d73358